| 000 | 00580nam a22001937a 4500 | ||
|---|---|---|---|
| 003 | OSt | ||
| 005 | 20141216145400.0 | ||
| 008 | 141216b xxu||||| |||| 00| 0 eng d | ||
| 020 | _a9782462195 | ||
| 040 | _cDNLM | ||
| 082 | _aQV 767 S23m 1993 | ||
| 100 |
_aSofowora Abayomi _92244 |
||
| 245 |
_aMedicinal Plants and traditional medicine in Africa / _cAbayomi Sofowora |
||
| 260 |
_aIbadan: _bSpectrum Books Limited; _c1993. |
||
| 300 |
_axvii,289p : _bill; _c25 cm. |
||
| 504 | _aIncludes Bibliographical references and index. | ||
| 650 |
_amedical plants _92245 |
||
| 942 |
_2z _cSLOAN |
||
| 999 |
_c829 _d829 |
||